ECONOMIA

Sábháilte in:
Sonraí bibleagrafaíochta
Údar corparáideach: Fischer, Stanley
Formáid: LEABHAR
Clibeanna: Cuir clib leis
Níl clibeanna ann, Bí ar an gcéad duine le clib a chur leis an taifead seo!

MARC

LEADER 00000nam^a2200000^a^4500
001 000207929
005 20250521000000.0
009 20260310103237.085
035 |a 032397 
037 |a Acervo Xavier Clavigero 
082 |a 330. 3  |b FIS 
110 |a Fischer, Stanley 
245 1 0 |a ECONOMIA 
264 |a Nueva York, EUA :  |b McGraw-Hill,  |c 1986 
300 |a 1055 p. 
336 |a texto  |b txt  |2 rdacontenido 
337 |a sin mediación  |b n  |2 rdamedio 
338 |a volumen  |b nc  |2 rdasoporte 
649 |a XX 
910 |a Fondo General 
920 |a Impresos - Libros 
930 |a Colección General 
905 |a 101 
901 |a 032397  |b IT1  |c ACC  |i 032397  |u 20250521 
901 |a 032398  |b IT1  |c ACC  |i 032398  |u 20250521 
901 |a 032400  |b IT1  |c ACC  |i 032400  |u 20250521 
901 |a 032399  |b IT1  |c ACC  |i 032399  |u 20250521 
902 |a https://opac.biblio.iteso.mx/vufind/Record/000207929